000 00854nam a22002177a 4500
999 _c61662
_d61662
005 20240411170837.0
008 240411s2004 enk||||| |||| 00| 0 eng d
020 _a9780071388757x
041 _aeng
080 _a616 E-50
245 _aEmergency Medicine:
_b A Comprehensive Study Guide /
_cEditors Judith E Tintinalli, Md. Kelen, Gabor D., J. Stephan Stapczynski
260 _a6th edition
264 _aNew York :
_bMcGraw-Hill,
_c2004.
300 _a2043 p.:
_bill.;
_c28 cm.
653 _aგადაუდებელი მედიცინა
700 _aTintinalli,Judith E
_921771
_eრედაქტორი
700 _eრედაქტორი
_921774
700 _aKelen, Gabor D.
_921772
_eრედაქტორი
700 _aStapczynski, J. Stephan
_921773
_eრედაქტორი
942 _2udc
_cᲬᲘᲒᲜᲘ